| 000 | 00920nam a2200289 i 4500 | ||
|---|---|---|---|
| 003 | EG-GICUC | ||
| 005 | 20260223213453.0 | ||
| 008 | 260223s1992 ae ||||fr|||| 00| 0 eng d | ||
| 040 |
_aEG-GiCUC _beng _cEG-GiCUC _dEG-GiCUC _erda |
||
| 082 | 0 | 4 |
_221 _a341.77 _bBA . D |
| 092 | 0 | 4 | _221 |
| 099 | _aLaw1 11 341.77 BA . D 1992 | ||
| 100 | 1 |
_aBassiouni, Cherif _eAuthor. |
|
| 245 | 1 | 0 |
_aDraft Statute International Criminal Tribunal / _b _cCherif Bassiouni. _n |
| 264 | 1 |
_aÉrès : _bAssociation Internationale De Droit Pénal, _c1992. |
|
| 300 |
_a182pages : _billustrations, _c24 cm |
||
| 336 |
_2rda content _atext |
||
| 337 |
_2rda media _aComputer |
||
| 338 |
_2rda carrier _aOnline Resource |
||
| 504 | _a | ||
| 546 | _aText in English | ||
| 650 | 1 | 4 |
_aPublic international law _2 |
| 651 | 1 | _2 | |
| 856 | 4 | 0 | _uhttps://fll.law.cu.edu.eg/fulltext/bks/B11-08029.pdf |
| 905 | _a50 | ||
| 942 |
_2ddc _cBK _e21 _n0 |
||
| 999 |
_c64089 _d64089 |
||